Ricostruisci la Carriera del Calciatore - Deco - Statistics

Statistiche generali
  • Questo quiz è stato fatto 5 volte
  • Il punteggio medio è 5 su 8
Statistiche sulle risposte
Hint Risposta % Corretto
2008-2010 Chelsea
100%
2004-2008 Barcellona
75%
1999-2004 Porto
75%
1997-1998 Alverca
50%
1996-1997 Corinthians
50%
2010-2013 Fluminense
50%
1998-1999 Salgueiros
50%
1997-1998 Benfica
25%
Nessun quiz corrispondente trovato
Distribuzione punteggi
Percentuale di utenti per punteggio
Percentile per numero di risposta
I tuoi punteggi nel tempo
Non hai fatto questo quiz